Aktualizácia k zákonom V/2004 zákon o sústave základných a stredných škôl (školský zákon)

Salvato in:
Dettagli Bibliografici
Natura: Libro
Lingua:slovacco
Pubblicazione: Žilina Poradca 2004
Serie:Aktualizácia V/1
Tags: Aggiungi Tag
Nessun Tag, puoi essere il primo ad aggiungerne!!

MARC

LEADER 00000nam$a2200000$$$4500
001 0019283
005 20250619123727.1
022 |a 1335-6127 
041 0 |a slo 
044 |a SK 
245 1 0 |a Aktualizácia k zákonom V/2004  |b zákon o sústave základných a stredných škôl (školský zákon) 
264 1 |a Žilina  |b Poradca  |c 2004 
300 |a 48 s. 
490 1 |a Aktualizácia  |v V/1 
830 0 |a Aktualizácia  |v V/1